000 00983nam a22001937a 4500
999 _c63904
_d63904
003 Ge_BSU
005 20260217122636.0
008 260217s1962 ge ||||| |||| 00| 0 geo d
041 _ageo
080 _a330.342.151 დ-16
100 _aდათუკიშვილი, ვ.
_926904
245 _aსოციალისტური საკუთრების ორი ფორმის განვითარება ერთიან კომუნისტურ საკუთრებად /
_cვ. დათუკიშვილი.
264 _aთბილისი :
_bსაბჭ. საქართველო,
_c1962.
300 _a64 გვ. ;
_b 20 სმ.
504 _aბიბლიოგრ. შენიშვნებში.
653 _aსოციალისტური წარმოების წესი
653 _aკომუნისტური წარმოების წესი
942 _2udc
_cᲬᲘᲒᲜᲘ